Weedon's skin pathology (fourth edition) (Record no. 32992)

MARC details
000 -LEADER
fixed length control field 00725nam a2200193 a 4500
008 - FIXED-LENGTH DATA ELEMENTS--GENERAL INFORMATION
fixed length control field 191128s2016 xx |||||||||||||| || u
020 ## - INTERNATIONAL STANDARD BOOK NUMBER
International Standard Book Number 9780702051838
050 ## - LIBRARY OF CONGRESS CALL NUMBER
Classification number RL 95 Pat
100 ## - MAIN ENTRY--PERSONAL NAME
Personal name Patterson, James W
245 10 - TITLE STATEMENT
Title Weedon's skin pathology (fourth edition)
Statement of responsibility, etc. By James W. Patterson
250 ## - EDITION STATEMENT
Edition statement 4th edition
260 ## - PUBLICATION, DISTRIBUTION, ETC.
Place of publication, distribution, etc.
Name of publisher, distributor, etc. Churchill Livingstone/Elsevier
Date of publication, distribution, etc. 2016
300 ## - PHYSICAL DESCRIPTION
Extent 1252 pages : illustrations
350 ## -
-- 189.08
650 ## - SUBJECT ADDED ENTRY--TOPICAL TERM
Topical term or geographic name entry element SKIN--HISTOPATHOLOGY
650 ## - SUBJECT ADDED ENTRY--TOPICAL TERM
Topical term or geographic name entry element SKIN--DISEASES
650 ## - SUBJECT ADDED ENTRY--TOPICAL TERM
Topical term or geographic name entry element SKIN--DISEASES--DIAGNOSIS
995 ## -
-- MEDICAL LIBRARY OPEN ACCESS
-- 904483
-- CBU-SCHOOL OF MEDICINE LIBRARY (Ndola)
-- 189.08
-- RL 95 Pat
-- 1
-- AVAILABLE
-- Dec 13, 2019
-- 904483
-- Medical Library Open Access Collection
999 ## -
-- 32992
-- 32992
Holdings
Withdrawn status Lost status Source of classification or shelving scheme Damaged status Not for loan Permanent Location Current Location Shelving location Date acquired Total Checkouts Full call number Barcode Date last seen Price effective from Koha item type
          CBU-SCHOOL OF MEDICINE LIBRARY, NDOLA. CBU-SCHOOL OF MEDICINE LIBRARY, NDOLA.   11/30/2022   RL 95 Pat 904483 11/30/2022 11/30/2022 MONOGRAPH